[Event "European Blitz 2014"]
[Site "Wroclaw POL"]
[Date "2014.12.19"]
[Round "6.2"]
[White "Ragger, Markus"]
[Black "Guliyev, Namig"]
[Result "0-1"]
[WhiteTitle "GM"]
[BlackTitle "GM"]
[WhiteElo "2651"]
[BlackElo "2557"]
[WhiteFideId "1610856"]
[BlackFideId "13400363"]
[EventDate "2014.12.19"]

1. d4 d5 2. c4 dxc4 3. e3 e5 4. Bxc4 exd4 5. exd4 Nf6 6. Nf3 Be7 7. O-O O-O 8.
Ne5 Nbd7 9. h3 Nb6 10. Bb3 Nfd5 11. Nc3 Be6 12. Re1 Re8 13. Qf3 Bf8 14. Be3 c6
15. Rad1 f6 16. Nd3 Bf7 17. Nc5 Qc7 18. Rc1 Nxe3 19. Rxe3 Bxb3 20. axb3 Qf7 21.
b4 Nc4 22. Re2 Rad8 23. N3e4 Rxd4 24. Nxb7 Rexe4 25. Rxe4 Nd2 26. Rxd4 Nxf3+ 27.
gxf3 Qxb7 28. Rd8 h5 29. Rcd1 Qxb4 30. Ra8 Kh7 31. Rxa7 Bc5 32. Rc7 Qxb2 33. Rf1
Qe5 34. Rxc6 Qg3+ 0-1

[Event "European Blitz 2014"]
[Site "Wroclaw POL"]
[Date "2014.12.19"]
[Round "6.2"]
[White "Kulaots, Kaido"]
[Black "Belous, Vladimir"]
[Result "1-0"]
[WhiteTitle "GM"]
[BlackTitle "GM"]
[WhiteElo "2563"]
[BlackElo "2578"]
[WhiteFideId "4500261"]
[BlackFideId "4174003"]
[EventDate "2014.12.19"]

1. e4 c5 2. Nf3 Nc6 3. Nc3 g6 4. d4 cxd4 5. Nxd4 Bg7 6. Be3 Nf6 7. Bc4 O-O 8.
Bb3 Re8 9. f3 a6 10. Qd2 b5 11. h4 Ne5 12. h5 Nc4 13. Bxc4 bxc4 14. Bh6 Bxh6 15.
Qxh6 Qb6 16. O-O-O Rb8 17. b3 cxb3 18. axb3 e5 19. hxg6 fxg6 20. Nd5 Nxd5 21.
Qxh7+ Kf8 22. exd5 Qf6 23. Qh8+ Qxh8 24. Rxh8+ Kf7 25. Rxe8 Kxe8 26. Re1 d6 27.
f4 Bb7 28. fxe5 Bxd5 29. c4 Bxg2 30. exd6+ Kd8 31. c5 Rb4 32. c6 Bh3 33. Ne6+
Bxe6 34. Rxe6 Rb6 35. c7+ Kd7 36. Re7+ Kxd6 37. c8=Q 1-0

[Event "European Blitz 2014"]
[Site "Wroclaw POL"]
[Date "2014.12.19"]
[Round "6.2"]
[White "Bartel, Michal"]
[Black "Moiseenko, Alexander"]
[Result "0-1"]
[WhiteTitle "FM"]
[BlackTitle "GM"]
[WhiteElo "2327"]
[BlackElo "2692"]
[WhiteFideId "1119257"]
[BlackFideId "14102560"]
[EventDate "2014.12.19"]

1. e4 c5 2. Ne2 Nc6 3. g3 g6 4. Bg2 Bg7 5. c3 e5 6. d3 Nge7 7. Be3 d6 8. f4 f5
9. O-O O-O 10. Nd2 Be6 11. Nf3 Kh8 12. Qd2 Bg8 13. a3 Na5 14. Rad1 fxe4 15. dxe4
Nc4 16. Qc1 Qb6 17. b4 Nxe3 18. Qxe3 cxb4 19. Qxb6 axb6 20. axb4 Bc4 21. Rf2
Bxe2 22. Rxe2 exf4 23. gxf4 Rxf4 24. Rxd6 Bxc3 25. b5 Bb4 26. Rd7 Bc5+ 27. Kf1
Ra1+ 28. Re1 Ra3 29. Ke2 Re3+ 30. Kd1 Rexf3 31. Bxf3 Rxf3 32. Rxb7 Kg7 33. e5
Rb3 34. e6 Rb1+ 35. Ke2 Rxe1+ 36. Kxe1 Kf6 37. Ke2 Kxe6 38. Kd3 Ke5 39. Rb8 h5
40. Rh8 Nf5 41. Kc4 Nd6+ 42. Kd3 Nxb5 43. Kc4 Nd6+ 44. Kd3 Kf4 45. h4 Nf5 46.
Rg8 Nxh4 47. Ke2 g5 48. Kf1 Nf5 49. Kg2 g4 50. Kh2 h4 51. Kg2 h3+ 52. Kh2 Kf3
53. Kh1 Bd6 54. Ra8 Ng3+ 55. Kg1 Ne2+ 56. Kh1 Ng3+ 57. Kg1 Nf5 58. Kh1 g3 0-1

[Event "European Blitz 2014"]
[Site "Wroclaw POL"]
[Date "2014.12.19"]
[Round "6.2"]
[White "Cyborowski, Lukasz"]
[Black "Savchenko, Boris"]
[Result "1-0"]
[WhiteTitle "GM"]
[BlackTitle "GM"]
[WhiteElo "2518"]
[BlackElo "2599"]
[WhiteFideId "1108760"]
[BlackFideId "4147332"]
[EventDate "2014.12.19"]

1. Nf3 d5 2. c4 d4 3. g3 Nc6 4. Bg2 g6 5. O-O Bg7 6. e3 Nf6 7. d3 O-O 8. Re1
dxe3 9. fxe3 e5 10. Nc3 e4 11. Nxe4 Nxe4 12. dxe4 Be6 13. Qe2 Qe7 14. Bd2 Rfd8
15. Rac1 a5 16. Bc3 Bg4 17. e5 Nxe5 18. h3 Bxf3 19. Bxf3 c6 20. Bd4 Qg5 21. Kg2
Nxf3 22. Qxf3 Bxd4 23. exd4 Qd2+ 24. Kh1 Rxd4 25. Rcd1 Qb4 26. Rf1 Qxc4 27. Rxd4
Qxd4 28. Qxf7+ Kh8 29. Qe7 Qd5+ 30. Kh2 Kg8 31. Qxb7 Re8 32. Rf2 h5 33. h4 Rf8
34. Rxf8+ Kxf8 35. a3 Qd2+ 36. Kh3 Qd5 37. Kh2 Qf3 38. Qa8+ Ke7 39. Qxa5 Qe2+
40. Kg1 Qxb2 41. Qc5+ Kd7 42. Qe3 Qb1+ 43. Kf2 Qc2+ 44. Kf3 c5 45. a4 Kd6 46. a5
Qd1+ 47. Kf4 Qf1+ 48. Kg5 Qf5+ 49. Kh6 Kc6 50. Qb3 Qf8+ 51. Kxg6 Qe8+ 52. Kh6
Qh8+ 53. Kg5 Qe5+ 54. Kg6 Qe8+ 55. Kf6 Qf8+ 56. Ke5 Qg7+ 57. Ke4 Qg4+ 58. Ke5
Qd4+ 59. Ke6 c4 60. Qa4+ Kc5 61. a6 Qd6+ 62. Kf7 Qc7+ 63. Ke6 Qa7 64. Qa5+ Kd4
65. Qd2+ Ke4 66. Qe2+ Qe3 67. Qxe3+ Kxe3 68. a7 c3 69. a8=Q c2 70. Qc6 1-0

[Event "European Blitz 2014"]
[Site "Wroclaw POL"]
[Date "2014.12.19"]
[Round "7.1"]
[White "Kulaots, Kaido"]
[Black "Bortnyk, Olexandr"]
[Result "1/2-1/2"]
[WhiteTitle "GM"]
[BlackTitle "IM"]
[WhiteElo "2563"]
[BlackElo "2533"]
[WhiteFideId "4500261"]
[BlackFideId "14120828"]
[EventDate "2014.12.19"]

1. e4 Nf6 2. e5 Nd5 3. d4 d6 4. Nf3 dxe5 5. Nxe5 c6 6. Be2 Bf5 7. O-O Nd7 8. Nf3
N7f6 9. a3 e6 10. c4 Nb6 11. Nc3 Be7 12. h3 O-O 13. Bf4 h6 14. Qb3 Qc8 15. Rfd1
Rd8 16. Rac1 Nbd7 17. Qa2 Ne4 18. Nxe4 Bxe4 19. Nd2 Bg6 20. Bf3 Nf6 21. Be5 Bd6
22. c5 Bxe5 23. dxe5 Nd7 24. Nc4 Qc7 25. Qb3 Nxc5 26. Qe3 Na4 27. Rxd8+ Rxd8 28.
Qxa7 Nxb2 29. Nxb2 Qxe5 30. Nc4 Qf4 31. Qe3 Qxe3 32. Nxe3 Ra8 33. Rc3 e5 34. Rb3
Ra7 35. h4 f6 36. Be2 Kf8 37. Kf1 Ke7 38. Ke1 b5 39. Bd3 Bf7 40. Rc3 Be8 41. Kd2
g6 42. g4 Ra4 43. f3 Kd6 44. Be4 Ra6 45. Kc2 Bf7 46. Kb2 c5 47. Rd3+ Ke7 48. h5
gxh5 49. Nf5+ Ke8 50. gxh5 b4 51. Nd6+ Ke7 52. Nxf7 Kxf7 53. axb4 cxb4 54. Kb3
Ke6 55. Bd5+ Kf5 56. Kxb4 Kf4 57. Kc5 f5 58. Rb3 Rf6 59. Rb6 Rxb6 60. Kxb6 e4
61. fxe4 fxe4 62. Bc4 Kg5 63. Be2 Kf6 64. Kc5 e3 65. Kd4 Kg7 66. Bf1 1/2-1/2

[Event "European Blitz 2014"]
[Site "Wroclaw POL"]
[Date "2014.12.19"]
[Round "7.1"]
[White "Grigoriants, Sergey"]
[Black "Navara, David"]
[Result "1/2-1/2"]
[WhiteTitle "GM"]
[BlackTitle "GM"]
[WhiteElo "2570"]
[BlackElo "2727"]
[WhiteFideId "4130804"]
[BlackFideId "309095"]
[EventDate "2014.12.19"]

1. Nf3 Nf6 2. c4 g6 3. Nc3 d5 4. cxd5 Nxd5 5. Qb3 Nb6 6. d4 Bg7 7. Bf4 Be6 8.
Qd1 c5 9. e3 O-O 10. dxc5 Bxc3+ 11. bxc3 Qxd1+ 12. Rxd1 Na4 13. Nd4 Nxc5 14.
Nxe6 Nxe6 15. Bg3 Rc8 16. c4 Nc6 17. Be2 Na5 18. O-O Kf8 19. Rd7 Nc5 20. Rd5 Rc6
21. Rfd1 Rac8 22. Be5 f6 23. Bc3 b6 24. Bb4 Nab7 25. Bg4 R8c7 26. Bf3 Nd6 27.
R5d4 Ne6 28. Rxd6 exd6 29. Bxc6 Rxc6 30. Rxd6 Rxd6 31. Bxd6+ Ke8 32. Kf1 Kd7 33.
Bb4 Kc6 34. Ke2 Ng5 35. f3 Nf7 36. Bc3 f5 37. e4 fxe4 38. fxe4 Ng5 39. Ke3 Ne6
40. Bb4 a6 41. a4 Kd7 42. e5 Kc6 43. h4 h5 44. Ke4 Ng7 45. g3 a5 46. Ba3 Ne6 47.
Ke3 Ng7 48. Kf4 Ne6+ 49. Ke4 Ng7 50. e6 Nxe6 51. Ke5 Ng7 52. Kf6 Nf5 53. Kxg6
Nxg3 54. Kg5 Kd7 55. Kf4 Ne2+ 56. Kg5 Ng3 57. Kf4 Ne2+ 58. Kg5 Ng3 1/2-1/2

[Event "European Blitz 2014"]
[Site "Wroclaw POL"]
[Date "2014.12.19"]
[Round "7.1"]
[White "Neiksans, Arturs"]
[Black "Alekseev, Evgeny"]
[Result "1/2-1/2"]
[WhiteTitle "GM"]
[BlackTitle "GM"]
[WhiteElo "2559"]
[BlackElo "2679"]
[WhiteFideId "11601388"]
[BlackFideId "4138147"]
[EventDate "2014.12.19"]

1. Nf3 c5 2. g3 Nc6 3. Bg2 g6 4. O-O Bg7 5. c4 e6 6. Nc3 d6 7. b3 Nge7 8. Bb2
O-O 9. e3 e5 10. d3 h6 11. Qd2 f5 12. Ne1 Be6 13. Nc2 d5 14. cxd5 Nxd5 15. Rfd1
Rc8 16. Rac1 Qd7 17. Qe2 b6 18. Na3 Nxc3 19. Bxc3 Bd5 20. Nc4 Bxg2 21. Kxg2 f4
22. f3 Rce8 23. e4 h5 24. Rg1 g5 25. Rcf1 Kh7 26. Kh1 Bh6 27. g4 h4 28. a4 Rd8
29. Rd1 Rfe8 30. Kg2 Bf8 31. Rd2 Qc7 32. Na3 Qd7 33. Ba1 Kg6 34. Qd1 Qe6 35. Nb5
Rd7 36. Nc3 Nb4 37. Qb1 Red8 38. Rgd1 Be7 39. Na2 Nc6 40. Nc3 Nb4 41. Na2 Nc6
42. Nc3 Nb4 1/2-1/2

[Event "European Blitz 2014"]
[Site "Wroclaw POL"]
[Date "2014.12.19"]
[Round "7.1"]
[White "Chigaev, Maksim"]
[Black "Moiseenko, Alexander"]
[Result "0-1"]
[WhiteTitle "IM"]
[BlackTitle "GM"]
[WhiteElo "2494"]
[BlackElo "2692"]
[WhiteFideId "4108116"]
[BlackFideId "14102560"]
[EventDate "2014.12.19"]

1. d4 Nf6 2. Bg5 d5 3. Nd2 c5 4. e3 cxd4 5. exd4 Nc6 6. c3 Bf5 7. Ngf3 e6 8. Bb5
Be7 9. Ne5 Qb6 10. Qa4 Rc8 11. O-O h6 12. Bh4 a6 13. Bxc6+ bxc6 14. b4 Qb5 15.
Qd1 g5 16. Bg3 h5 17. f3 h4 18. Bf2 Nd7 19. a4 Qb8 20. Nxd7 Kxd7 21. Nb3 Qf4 22.
Nc5+ Bxc5 23. dxc5 g4 24. fxg4 Qxg4 25. Qxg4 Bxg4 26. Bd4 Rh7 27. b5 axb5 28.
axb5 cxb5 29. Ra7+ Rc7 30. Ra6 Bf5 31. Rfa1 f6 32. Bxf6 Ke8 33. Bd4 Kf7 34. Ra7
Kg6 35. Rxc7 Rxc7 36. Ra5 Bd3 37. Kf2 Kf5 38. Ke3 Bf1 39. Kf2 Bc4 40. Ra8 Ke4
41. Re8 Rf7+ 42. Ke1 Kd3 43. Rxe6 b4 44. Re3+ Kc2 45. Re8 Rf1# 0-1

[Event "European Blitz 2014"]
[Site "Wroclaw POL"]
[Date "2014.12.19"]
[Round "7.1"]
[White "Moranda, Wojciech"]
[Black "Inarkiev, Ernesto"]
[Result "1/2-1/2"]
[WhiteTitle "GM"]
[BlackTitle "GM"]
[WhiteElo "2591"]
[BlackElo "2680"]
[WhiteFideId "1122401"]
[BlackFideId "4162722"]
[EventDate "2014.12.19"]

1. d4 Nf6 2. c4 e6 3. Nf3 d5 4. Nc3 Be7 5. Bf4 O-O 6. e3 Nbd7 7. a3 b6 8. cxd5
exd5 9. Be2 Bb7 10. O-O c5 11. dxc5 bxc5 12. Qc2 Qb6 13. Rfd1 Rac8 14. Rd2 d4
15. exd4 Bxf3 16. dxc5 Nxc5 17. Bxf3 Nb3 18. Re1 Nxd2 19. Qxd2 Rfd8 20. Qe2 Bxa3
21. bxa3 Rxc3 22. Qe7 Rcc8 23. Be3 Qc7 24. Qxc7 Rxc7 25. h3 h6 26. a4 Nd5 27.
Rd1 Rcd7 28. Bc5 Nc3 29. Ra1 Rc7 30. Be3 f5 31. a5 Kf7 32. a6 Ke6 33. Bb7 Rdd7
34. Bxa7 Rxb7 35. axb7 Rxb7 36. Kf1 Rb1+ 37. Rxb1 Nxb1 38. Bd4 g6 39. Ke2 Na3
40. Kd3 Nb5 41. Be3 h5 42. Bf4 Kd5 43. Be3 Ke5 1/2-1/2

[Event "European Blitz 2014"]
[Site "Wroclaw POL"]
[Date "2014.12.19"]
[Round "7.1"]
[White "Jaracz, Pawel"]
[Black "Kempinski, Robert"]
[Result "0-1"]
[WhiteTitle "GM"]
[BlackTitle "GM"]
[WhiteElo "2503"]
[BlackElo "2626"]
[WhiteFideId "1102222"]
[BlackFideId "1105663"]
[EventDate "2014.12.19"]

1. d4 Nf6 2. c4 g6 3. Nc3 Bg7 4. Nf3 O-O 5. g3 d5 6. cxd5 Nxd5 7. Bg2 Nb6 8. O-O
Nc6 9. e3 Re8 10. a3 a5 11. h3 a4 12. Qc2 Bd7 13. Rd1 Qc8 14. Kh2 Na5 15. Rb1
Nb3 16. Bd2 c5 17. d5 e6 18. dxe6 Bxe6 19. Be1 Bf5 20. e4 Bxc3 21. Qxc3 Bxe4 22.
Ng5 Bxb1 23. Rxb1 Qf5 24. h4 Qxb1 25. Be4 Qxe4 26. Nxe4 Rxe4 27. Bd2 Nxd2 28.
Qxd2 h5 29. Qd6 Nc4 30. Qxc5 Rae8 31. Qb5 Nd2 32. Qxb7 Re2 33. Kg2 Ne4 34. Qb5
Rxf2+ 35. Kh3 Rd8 36. g4 Rf3+ 37. Kg2 Rg3+ 38. Kh2 Rd2+ 39. Kh1 Rxg4 0-1

[Event "European Blitz 2014"]
[Site "Wroclaw POL"]
[Date "2014.12.19"]
[Round "7.1"]
[White "Miton, Kamil"]
[Black "Dragun, Kamil"]
[Result "1-0"]
[WhiteTitle "GM"]
[BlackTitle "GM"]
[WhiteElo "2601"]
[BlackElo "2547"]
[WhiteFideId "1111914"]
[BlackFideId "1134167"]
[EventDate "2014.12.19"]

1. d4 Nf6 2. c4 e6 3. g3 Bb4+ 4. Bd2 Qe7 5. Bg2 Nc6 6. Nf3 Bxd2+ 7. Nbxd2 O-O 8.
O-O d6 9. e4 e5 10. d5 Nb8 11. Ne1 c5 12. Nd3 a5 13. h3 Na6 14. a3 Bd7 15. f4
exf4 16. gxf4 b5 17. e5 Ne8 18. e6 bxc4 19. exd7 cxd3 20. dxe8=Q Rfxe8 21. Nc4
Qe2 22. Qxe2 Rxe2 23. Rf2 Re7 24. Rd1 Nc7 25. Nxd6 Rd7 26. Nc4 Nb5 27. d6 Rb8
28. Bc6 Rdd8 29. Bxb5 Rxb5 30. Rxd3 1-0

[Event "European Blitz 2014"]
[Site "Wroclaw POL"]
[Date "2014.12.19"]
[Round "7.1"]
[White "Bartel, Mateusz"]
[Black "Duda, Jan-Krzysztof"]
[Result "1/2-1/2"]
[WhiteTitle "GM"]
[BlackTitle "GM"]
[WhiteElo "2664"]
[BlackElo "2603"]
[WhiteFideId "1112635"]
[BlackFideId "1170546"]
[EventDate "2014.12.19"]

1. g3 d5 2. f4 h5 3. Nf3 h4 4. Nxh4 Rxh4 5. gxh4 e5 6. d3 Qxh4+ 7. Kd2 Bc5 8. c3
exf4 9. Kc2 Nc6 10. Nd2 Nge7 11. Nf3 Qf6 12. a3 Bd7 13. b4 Nd4+ 14. Kb2 Nxf3 15.
exf3 Bd6 16. d4 O-O-O 17. Bd3 Nf5 18. Re1 Rh8 19. Qc2 Rh3 20. Qg2 Rh8 21. Bd2
Nh4 22. Qf2 g5 23. Rg1 a6 24. Rae1 Kb8 25. Re2 Nf5 26. Qg2 Nh4 27. Qxg5 Qxg5 28.
Rxg5 Nxf3 29. Rxd5 Nxd2 30. Rxd2 f3 31. Rxd6 cxd6 32. Be4 Bg4 33. Rf2 f5 34.
Bxf3 Bxf3 35. Rxf3 Rxh2+ 36. Kb3 Rh5 37. Kc4 Kc7 1/2-1/2

[Event "European Blitz 2014"]
[Site "Wroclaw POL"]
[Date "2014.12.19"]
[Round "7.1"]
[White "Korobov, Anton"]
[Black "Swiercz, Dariusz"]
[Result "1-0"]
[WhiteTitle "GM"]
[BlackTitle "GM"]
[WhiteElo "2693"]
[BlackElo "2616"]
[WhiteFideId "14105730"]
[BlackFideId "1126881"]
[EventDate "2014.12.19"]

1. d4 Nf6 2. c4 g6 3. Nc3 d5 4. cxd5 Nxd5 5. e4 Nxc3 6. bxc3 Bg7 7. Nf3 c5 8.
Be3 Qa5 9. Bd2 O-O 10. Be2 Bg4 11. O-O Nc6 12. d5 Bxf3 13. gxf3 Nb8 14. Qc2 f5
15. Rab1 Qc7 16. Qb3 Qd6 17. Qxb7 Nd7 18. Qc6 Rab8 19. Qxd6 exd6 20. exf5 gxf5
21. f4 Nf6 22. f3 Bh6 23. Bd3 Nh5 24. Rxb8 Rxb8 25. Bxf5 Bxf4 26. Bxf4 Nxf4 27.
Re1 Kg7 28. Kf2 Kf6 29. Bxh7 Rb2+ 30. Kg3 Nxd5 31. Rd1 Nxc3 32. Rxd6+ Ke5 33.
Rd7 Ne2+ 34. Kg4 Nd4 35. f4+ Ke6 36. Rxa7 Rxh2 37. Be4 Re2 38. Ra6+ Ke7 39. Bd5
Nc2 40. Kg5 Rd2 41. Bc4 Rg2+ 42. Kh4 Rf2 43. Kg3 Rd2 44. f5 Nd4 45. f6+ Kd7 46.
Ra7+ Kd6 47. f7 Nf5+ 48. Kf3 1-0

[Event "European Blitz 2014"]
[Site "Wroclaw POL"]
[Date "2014.12.19"]
[Round "7.1"]
[White "Kuzmicz, Krystian"]
[Black "Matlakov, Maxim"]
[Result "1/2-1/2"]
[WhiteTitle "IM"]
[BlackTitle "GM"]
[WhiteElo "2469"]
[BlackElo "2695"]
[WhiteFideId "1119125"]
[BlackFideId "4168003"]
[EventDate "2014.12.19"]

1. e4 c5 2. d3 Nc6 3. g3 g6 4. Bg2 Bg7 5. f4 e6 6. Nf3 Nge7 7. O-O O-O 8. c3 d5
9. Na3 Rb8 10. e5 f6 11. exf6 Bxf6 12. Nc2 Qd6 13. d4 Nf5 14. Ne5 Bg7 15. Re1
cxd4 16. cxd4 Nxe5 17. fxe5 Qb6 18. Rb1 Bd7 19. Be3 Nxe3 20. Nxe3 Rbc8 21. Bh3
Rf7 22. Nxd5 Qa5 23. Nf4 Re8 24. d5 exd5 25. e6 Rfe7 26. Nxd5 Qc5+ 27. Kh1 Bc6
28. Bg2 Rxe6 29. Rxe6 Rxe6 30. Rc1 Qf2 31. Nf4 Bxg2+ 32. Nxg2 Bd4 33. Rc2 Qf6
34. Rd2 Bxb2 35. Nf4 Re8 36. Qb3+ Kh8 37. Qxb2 Qe5 38. Qxe5+ Rxe5 39. Kg2 Ra5
40. Kf3 b6 41. Nd5 Ra4 42. Ne3 Kg7 43. g4 Kf6 44. h4 h6 45. Rg2 Ke5 46. g5 hxg5
47. hxg5 b5 48. Rc2 Rf4+ 49. Ke2 Re4 50. Kd3 Rd4+ 51. Ke2 Re4 52. Kf3 Rf4+ 53.
Kg3 Re4 54. Ng4+ Kd4 55. Rc6 a5 56. Rxg6 Kc3 57. Ra6 a4 58. g6 Re7 59. Kf4 Kb2
60. Rb6 Kxa2 61. Rxb5 a3 62. Kf5 Ka1 63. Kf6 Re8 64. Kf7 Rd8 65. g7 a2 66. Ra5
Kb1 67. Rb5+ Ka1 68. Ra5 Kb1 69. Rb5+ Ka1 70. Ra5 Kb1 71. Nf6 a1=Q 72. Rxa1+
Kxa1 73. Ne8 Rd7+ 1/2-1/2

[Event "European Blitz 2014"]
[Site "Wroclaw POL"]
[Date "2014.12.19"]
[Round "7.1"]
[White "Ragger, Markus"]
[Black "Lysyj, Igor"]
[Result "1-0"]
[WhiteTitle "GM"]
[BlackTitle "GM"]
[WhiteElo "2651"]
[BlackElo "2686"]
[WhiteFideId "1610856"]
[BlackFideId "4150120"]
[EventDate "2014.12.19"]

1. d4 Nf6 2. c4 e6 3. Nf3 b6 4. a3 Bb7 5. Nc3 Ne4 6. Nxe4 Bxe4 7. e3 Be7 8. Bd3
Bxd3 9. Qxd3 d6 10. O-O Nd7 11. e4 O-O 12. b4 a5 13. Bb2 Qc8 14. Rfe1 Re8 15. h3
Qb7 16. d5 Bf6 17. Bxf6 Nxf6 18. Nd4 axb4 19. axb4 Rxa1 20. Rxa1 Ra8 21. Rxa8+
Qxa8 22. dxe6 fxe6 23. Nxe6 Qxe4 24. Qxe4 Nxe4 25. Nxc7 Nd2 26. f4 Nxc4 27. Kf2
Kf7 28. Ke2 Na3 29. Kd3 b5 1-0

[Event "European Blitz 2014"]
[Site "Wroclaw POL"]
[Date "2014.12.19"]
[Round "7.2"]
[White "Bortnyk, Olexandr"]
[Black "Kulaots, Kaido"]
[Result "1-0"]
[WhiteTitle "IM"]
[BlackTitle "GM"]
[WhiteElo "2533"]
[BlackElo "2563"]
[WhiteFideId "14120828"]
[BlackFideId "4500261"]
[EventDate "2014.12.19"]

1. e4 c5 2. c3 g6 3. d4 cxd4 4. cxd4 d5 5. exd5 Nf6 6. Bb5+ Nbd7 7. Nc3 Bg7 8.
d6 exd6 9. Qe2+ Qe7 10. Bf4 Qxe2+ 11. Ngxe2 O-O 12. Bxd6 Re8 13. O-O a6 14. Ba4
b5 15. Bb3 Bb7 16. a4 Ne4 17. Bf4 b4 18. Nd5 Nd2 19. Bxd2 Rxe2 20. Bxb4 Rxb2 21.
Rab1 Bxd4 22. Rxb2 Bxb2 23. Rd1 Nf8 24. Nc7 Rc8 25. Bd6 Bf6 26. Re1 a5 27. h3
Rd8 28. Be7 Bxe7 29. Rxe7 Rd7 30. Bxf7+ Kg7 31. Rxd7 Nxd7 32. Bc4 Kf6 33. f4 Nb6
34. Bb5 Be4 35. Na6 Ke7 36. Nc5 Bd5 37. Kf2 Kd6 38. Nd3 Bb3 39. Nb2 Kc5 40. Ke3
Kb4 41. Kd4 Ka3 42. Kc5 Nxa4+ 43. Nxa4 Bxa4 44. Bxa4 Kxa4 45. Kc4 Ka3 46. Kc3
Ka4 47. Kc4 Ka3 48. g4 a4 49. Kc3 Ka2 50. f5 a3 51. Kc2 1-0

[Event "European Blitz 2014"]
[Site "Wroclaw POL"]
[Date "2014.12.19"]
[Round "7.2"]
[White "Navara, David"]
[Black "Grigoriants, Sergey"]
[Result "1-0"]
[WhiteTitle "GM"]
[BlackTitle "GM"]
[WhiteElo "2727"]
[BlackElo "2570"]
[WhiteFideId "309095"]
[BlackFideId "4130804"]
[EventDate "2014.12.19"]

1. d4 Nf6 2. c4 g6 3. Nc3 d5 4. e3 Bg7 5. cxd5 Nxd5 6. Nxd5 Qxd5 7. Ne2 O-O 8.
Nc3 Qd8 9. Be2 c5 10. d5 e6 11. e4 exd5 12. exd5 Qb6 13. O-O Bf5 14. Na4 Qd6 15.
Qb3 b6 16. Bg5 Nd7 17. Nc3 Nf6 18. Bh4 Ne4 19. Nxe4 Bxe4 20. Rad1 Qe5 21. d6
Bxg2 22. Kxg2 Qxe2 23. Rfe1 Qg4+ 24. Qg3 Qxg3+ 25. Bxg3 Bxb2 26. d7 Kg7 27. Rd5
Bf6 28. Bd6 Rg8 29. Re4 h5 30. a4 a6 31. a5 bxa5 32. Rxc5 Rgd8 33. Rc7 Rab8 34.
Ra7 Ra8 35. Rxa8 Rxa8 36. Bc7 a4 37. Re8 Ra7 38. d8=Q Bxd8 39. Bxd8 Rd7 40. Ba5
Rd3 41. Re4 a3 42. Ra4 Kf6 43. Bb4 Kf5 44. Rxa6 f6 45. Bxa3 g5 46. Be7 h4 47.
Rxf6+ Kg4 48. h3+ Kh5 49. Bf8 g4 50. Rf5+ 1-0

[Event "European Blitz 2014"]
[Site "Wroclaw POL"]
[Date "2014.12.19"]
[Round "7.2"]
[White "Alekseev, Evgeny"]
[Black "Neiksans, Arturs"]
[Result "1-0"]
[WhiteTitle "GM"]
[BlackTitle "GM"]
[WhiteElo "2679"]
[BlackElo "2559"]
[WhiteFideId "4138147"]
[BlackFideId "11601388"]
[EventDate "2014.12.19"]

1. e4 c5 2. Nf3 e6 3. d4 cxd4 4. Nxd4 a6 5. Be2 Nf6 6. Nc3 d6 7. O-O Be7 8. a4
Qc7 9. a5 O-O 10. Be3 Bd7 11. Qd2 Nc6 12. Nb3 Rac8 13. f4 Qb8 14. Bf3 Nb4 15.
Rfd1 d5 16. e5 Ne8 17. Nd4 Nc6 18. Nce2 Nc7 19. c3 Nxd4 20. Nxd4 Nb5 21. Nb3 f6
22. exf6 Rxf6 23. Rf1 Nd6 24. Be2 Bb5 25. Nd4 Ne4 26. Qe1 Bxe2 27. Qxe2 Bd6 28.
Qg4 Re8 29. Rf3 Qc8 30. Raf1 Rg6 31. Qh3 Rh6 32. Qg4 Qc7 33. Rh3 Rxh3 34. Qxh3
Bc5 35. f5 Bxd4 36. Bxd4 e5 37. Bb6 Qd7 38. Qd3 Nf6 39. Be3 h6 40. h3 Ne4 41.
Bb6 Qc6 42. Rd1 Nf6 43. Bf2 Kh7 44. Qe3 Qd7 45. Qf3 Qc7 46. Bb6 Qc8 47. Bf2 Qc4
48. Bb6 Qa4 49. Rd2 Ne4 50. Rxd5 Nf6 51. Rd2 e4 52. Qe3 Qb5 53. Rf2 Qd5 54. Bd4
Rf8 55. b4 Qc6 56. Bxf6 Rxf6 57. Re2 Rxf5 58. Qxe4 Qxe4 59. Rxe4 Rf7 60. Rc4 Kg6
61. Rc5 Kf6 62. Kf2 Ke6+ 63. Ke3 Kd6 64. c4 Rf1 65. Rd5+ Ke6 66. Kd4 Rf2 67. Kc5
Rxg2 68. Rd6+ Ke5 69. Rd7 g5 70. Rxb7 Rg3 71. b5 axb5 72. cxb5 Rxh3 73. a6 Ra3
74. Rg7 Kf6 75. Rg8 Kf7 76. Rd8 g4 77. Kb6 g3 78. a7 g2 79. Rd1 h5 80. Rg1 Ra2
81. Rxg2 Rxg2 82. a8=Q Rg6+ 83. Kc7 h4 84. b6 1-0

[Event "European Blitz 2014"]
[Site "Wroclaw POL"]
[Date "2014.12.19"]
[Round "7.2"]
[White "Moiseenko, Alexander"]
[Black "Chigaev, Maksim"]
[Result "1/2-1/2"]
[WhiteTitle "GM"]
[BlackTitle "IM"]
[WhiteElo "2692"]
[BlackElo "2494"]
[WhiteFideId "14102560"]
[BlackFideId "4108116"]
[EventDate "2014.12.19"]

1. d4 d6 2. e4 Nf6 3. Nc3 Nbd7 4. g4 e5 5. g5 exd4 6. Qxd4 Ng4 7. f4 d5 8. Be2
Nh6 9. gxh6 Bc5 10. Qxg7 Rf8 11. Nf3 Nf6 12. Nxd5 Nxd5 13. Qe5+ Be6 14. exd5
Qxd5 15. Qxd5 Bxd5 16. Bd2 O-O-O 17. c4 Bxf3 18. Bxf3 Rfe8+ 19. Kd1 Be3 20. Bd5
c6 21. Re1 Bxd2 22. Rxe8 Rxe8 23. Kxd2 cxd5 24. Rg1 Re6 25. cxd5 Rxh6 26. Rg2
Rh3 27. Rg7 Rxh2+ 28. Kc3 Kc7 29. Rxf7+ Kb6 30. Kd4 Rxb2 31. Rxh7 Rxa2 32. f5
Rd2+ 33. Ke5 a5 34. f6 a4 35. Rh3 Rf2 36. Ke6 Kc5 37. Rc3+ Kd4 38. Ra3 Re2+ 39.
Kd6 b5 40. f7 Rf2 41. Ke7 Kxd5 42. Ra2 Rxf7+ 43. Kxf7 Kc4 44. Ke6 Kb3 45. Rh2 a3
46. Kd5 a2 47. Rxa2 Kxa2 48. Ke5 1/2-1/2

[Event "European Blitz 2014"]
[Site "Wroclaw POL"]
[Date "2014.12.19"]
[Round "7.2"]
[White "Inarkiev, Ernesto"]
[Black "Moranda, Wojciech"]
[Result "0-1"]
[WhiteTitle "GM"]
[BlackTitle "GM"]
[WhiteElo "2680"]
[BlackElo "2591"]
[WhiteFideId "4162722"]
[BlackFideId "1122401"]
[EventDate "2014.12.19"]

1. d4 d5 2. c4 e6 3. Nf3 c5 4. cxd5 exd5 5. g3 Nc6 6. Bg2 Nf6 7. O-O Be7 8. Nc3
O-O 9. dxc5 Bxc5 10. Na4 Be7 11. Be3 Re8 12. Rc1 Bg4 13. Nd4 Qd7 14. f3 Bf5 15.
Nxc6 bxc6 16. Bd4 Qb7 17. e3 Nd7 18. Rf2 Rac8 19. b3 c5 20. Ba1 Nb6 21. Nc3 Bf8
22. f4 Rcd8 23. Rd2 Qe7 24. Qf3 d4 25. e4 Bc8 26. Nd1 Bb7 27. Nf2 f5 28. Re1 Bc6
29. Qd3 Qb7 30. Bh1 Kh8 31. Rde2 Qd7 32. exf5 Bb5 33. Rxe8 Bxd3 34. Rxd8 Qxd8
35. Nxd3 Qd7 36. g4 Kg8 37. Ne5 Qd8 38. g5 Nd5 39. Be4 Nxf4 40. h4 Qd6 41. Nc4
Qd7 42. Rf1 Nd5 43. Ne5 Qd6 44. Nc4 Qg3+ 45. Kh1 Qxh4+ 46. Kg1 Qxe4 0-1

[Event "European Blitz 2014"]
[Site "Wroclaw POL"]
[Date "2014.12.19"]
[Round "7.2"]
[White "Kempinski, Robert"]
[Black "Jaracz, Pawel"]
[Result "1/2-1/2"]
[WhiteTitle "GM"]
[BlackTitle "GM"]
[WhiteElo "2626"]
[BlackElo "2503"]
[WhiteFideId "1105663"]
[BlackFideId "1102222"]
[EventDate "2014.12.19"]

1. d4 d5 2. c4 c6 3. e3 Nf6 4. Nf3 a6 5. Nc3 e6 6. c5 b6 7. cxb6 Qxb6 8. Bd3 a5
9. Na4 Qc7 10. O-O Bd6 11. b3 Ba6 12. Bb2 O-O 13. Rc1 Nbd7 14. g3 Qb7 15. Ne5
Rfc8 16. Bxa6 Rxa6 17. Qe2 c5 18. Nxd7 Nxd7 19. dxc5 Nxc5 20. Qg4 f5 21. Nxc5
Bxc5 22. Qg5 Rac6 23. h4 a4 24. Be5 axb3 25. axb3 Bf8 26. Rxc6 Rxc6 27. Ra1 Rb6
28. Rc1 Rc6 29. Rxc6 Qxc6 30. h5 h6 31. Qg6 Qd7 32. Bc3 Qc6 33. Be5 Qd7 1/2-1/2